000 00293nam a22001337a 4500
008 171127b xxu||||| |||| 00| 0 eng d
020 _a9781598717136
041 _aeng
080 _a574
100 _a9
101 _aMJE
245 _aCONNECTIONS IN CONTEXT
_cSHERIDAN,M.P
942 _2udc
_cBK
999 _c38536
_d38536